[Event "GER-chT School WK Girls"]
[Site "Playchess.com INT"]
[Date "2020.06.17"]
[Round "5.4"]
[White "Demirel, Zuehre Irem"]
[Black "Spengler, Janie Lee"]
[Result "1-0"]
[WhiteElo "1367"]
[BlackElo "1450"]
[PlyCount "83"]
[EventDate "2020.06.10"]
[EventType "team-swiss (blitz)"]
[EventRounds "7"]
[EventCountry "GER"]
[SourceTitle "EXT 2021"]
[Source "ChessBase"]
[SourceDate "2020.10.23"]
[SourceVersion "1"]
[SourceVersionDate "2020.10.23"]
[SourceQuality "1"]
[WhiteTeam "Hamburg Dempwolffstr"]
[BlackTeam "Ottweiler Gymn"]
[WhiteTeamCountry "GER"]
[BlackTeamCountry "GER"]

1. e4 Nc6 2. d4 Nf6 3. Nc3 g5 4. Nf3 g4 5. Ne5 Nxe4 6. Nxe4 Bg7 7. Nxg4 0-0 8. Bc4 Bxd4 9. c3 Bb6 10. 0-0 d6 11. Ng5 Bf5 12. Bxf7+ Kh8 13. Be6 d5 14. Bxf5 d4 15. Bb1 d3 16. Ne6 Qc8 17. Nxf8 Qxf8 18. Bxd3 a5 19. Bh6 Qg8 20. h3 e6 21. b3 e5 22. Bc4 Qe8 23. Bd5 Rd8 24. c4 Nb4 25. Re1 Bd4 26. Bg5 Rd7 27. Bf6+ Rg7 28. Bxg7+ Kxg7 29. a3 Nxd5 30. cxd5 Bxa1 31. Qxa1 b5 32. Nxe5 b4 33. Nc6+ Kh6 34. Rxe8 bxa3 35. Qxa3 a4 36. bxa4 Kg7 37. Qe7+ Kg6 38. Qxc7 h6 39. Re5 h5 40. Qd6+ Kg7 41. Re7+ Kg8 42. Qd8# 1-0